| 000 | 00624nam a2200193Ia 4500 | ||
|---|---|---|---|
| 003 | LDD | ||
| 008 | 190117s9999 xx 000 0 und d | ||
| 020 | _c₹225 | ||
| 040 | _cLDD | ||
| 041 | _ahi | ||
| 082 | _a8H3.7 य 69252 झू | ||
| 100 | _aयशपाल | ||
| 245 | 0 |
_aझूठा सच _b देश का भविष्य _cयशपाल |
|
| 260 |
_aइलाहाबाद _bलोकभारती _c1985 |
||
| 300 | _a583पृ. | ||
| 901 | _aHBC | ||
| 904 | _aReqst by : स्मिता चतुर्वेदी | ||
| 942 |
_2ddc _cH |
||
| 999 |
_c167593 _d167593 |
||